|
|
|
|
| LEADER |
01169cam a2200265 7i4500 |
| 001 |
0000028646 |
| 005 |
20121129090000.0 |
| 022 |
0 |
0 |
|a 13946188
|
| 090 |
0 |
0 |
|a M 658.5025
|b MAL
|
| 245 |
0 |
0 |
|a Malaysia logistics directory 2012/ 2013.
|
| 260 |
0 |
0 |
|a Shah Alam, Selangor:
|b Marshall Cavendish,
|c 2012.
|
| 300 |
# |
# |
|a 258 p.
|
| 650 |
0 |
0 |
|a Transportation, Automotive --
|x Directories --
|z Malaysia
|
| 650 |
0 |
0 |
|a Railroads --
|x Directories --
|z Malaysia
|
| 650 |
0 |
0 |
|a Freight and freightage --
|x Directories --
|z Malaysia
|
| 650 |
0 |
0 |
|a Industrial transport --
|x Directories --
|z Malaysia
|
| 650 |
0 |
0 |
|a Logistics --
|x Directories --
|z Malaysia
|
| 650 |
0 |
0 |
|a Business logistics --
|x Directories --
|z Malaysia
|
| 651 |
0 |
0 |
|a Malaysia
|
| 999 |
|
|
|a JHR000346H
|b Directories
|c Malaysia
|e MATRADE Southern Regional Office
|
| 999 |
|
|
|a 0000031936
|b Directories
|c Malaysia
|e Business Information Centre
|
| 999 |
|
|
|a PNG001055H
|b Directories
|c Malaysia
|e MATRADE Northern Regional Office
|
| 999 |
|
|
|a SBH001023H
|b Directories
|c Malaysia
|e MATRADE Sabah
|
| 999 |
|
|
|a SRW000950H
|b Directories
|c Malaysia
|e MATRADE Sarawak
|
| 999 |
|
|
|a TRG000332H
|b Directories
|c Malaysia
|e MATRADE Eastern Regional Office
|